| 000 | 00800nam a22001337a 4500 | ||
|---|---|---|---|
| 040 | _cRUA | ||
| 082 | _aAGR HIM 2014 B432 Or.1 | ||
| 100 | _aHIM PIRUN ; ហ៊ីម ភីរុន | ||
| 245 | _aEffects of planting methods and fertilizer application on mungbean production on high toposeguence in rain-fed lowland , ប្រសិទ្ធភាពនៃវិធីសាស្រ្តដំាដុះ និងពេលវេលាប្រើប្រាស់ជីគីមីលើផលិតកម្មសណ្ដែកបាយក្នុងលក្ខខណ្ឌដីស្រែទីទួល | ||
| 260 |
_aPhnom Penh _bRUA _c2014 |
||
| 300 |
_ax ; 54p. _bill. _c29cm. |
||
| 856 | _uhttps://drive.google.com/file/d/1oFzxcmqh-6sFBd7m1YPu2raCeb0FfR18/view?usp=sharing | ||
| 942 | _cAGR | ||
| 999 |
_c7013 _d7013 |
||